'Mothballed' stations in the UK - Statistics

General Stats
  • This quiz has been taken 67 times
    25 since last reset
  • The average score is 5 of 8
Answer Stats
County Answer % Correct
North Yorkshire Redcar British Steel
79%
Durham Teesside Airport
79%
Inverclyde IBM
68%
Staffordshire Barlaston
63%
Staffordshire Wedgwood
63%
Greater Manchester Manchester United Football Ground
47%
Cheshire Stanlow & Thornton
47%
Devon Sampford Courtenay
37%
No matching quizzes found
Score Distribution
Percent of People with Each Score
Percentile by Number Answered
Your Score History
You have not taken this quiz since the last reset